| 000 | 00974nam a22001577a 4500 | ||
|---|---|---|---|
| 080 | _a342.4 (82) C 628 | ||
| 100 |
_4aut _aContreras Miranda, Karina Fernanda |
||
| 245 |
_aLos procesos Constituyentes: _bColombia (1991). Argentina (1994) y la Transnacionalizacion del Derecho |
||
| 300 | _a107 P. | ||
| 500 | _aDirector de tesis: Dr. Carta, Adriaqn G: | ||
| 502 | _aTesis ( Doctoral)--Universidad Nacional de Mar del Plata. Facultad de Derecho. Departamento de Posgrado, 2025 | ||
| 504 | _aTiene Bibliografia: P. 95 a 107 | ||
| 650 |
_2IEDCYT _xderecho constitucional _xprocesos constituyentes _xColombia _xArgentina _xConstitucionalizacion del Estado neo- liberal _xdecretos de necesidad y urgencia _xPoder Ejecutivo _xPoder Legislativo _xConsenso de Washington _xreforma constitucional de 1991 _xConstitucion politica de 1991 _xPacto de Olivos _xsistema hiperpresidencialista _xReforma Constitucional de 1994 _xbloque de Constitucionalidad |
||
| 945 |
_acd _d2025-11-14 |
||
| 999 |
_c5527 _d236031 |
||